000 00829cam a22002294a 4500
005 20250605164157.0
008 250528s ||||||||||||||||||||||||d
035 _a19637
020 _a134630920
040 _aGR-AtMCL
_bgre
_dGR-AtMCL
_eAACR2
245 1 _aINDUSTRIAL AND ORGANIZATIONAL PSYCHOLOGY
250 _a8
260 _bPrentice Hall,
_c1985
300 _a468
505 0 _aJOB RELATED BEHAVIOR AND ITS MEASUREMENT PERSONNEL SELECTION PERSONNEL TRAINING AND DEVELOPMENT THE ORGANIZATIONAL AND SOCIAL CONTEXT OF HUMAN WORK
520 _aJOB RELATED BEHAVIOR AND ITS MEASUREMENT PERSONNEL SELECTION PERSONNEL TRAINING AND DEVELOPMENT THE ORGANIZATIONAL AND SOCIAL CONTEXT OF HUMAN WORK
700 1 _aIlgen Daniel
_9197
700 1 _aMccormick Ernest J
_9198
942 _cBK
999 _c4893
_d4893